Formularios de la Ley concursal

Detalles Bibliográficos
Autor principal: Vz̀quez Iruzubieta, Carlos
Formato: Desconocido
Lenguaje:español
Publicado: Madrid : Editorial vLex, 2009
Materias:
Acceso en línea:Acceso restringido

MARC

LEADER 00000ny a22000003n 4500
005 20110627104621.0
008 040309s2004 sp 000 0 spa d
017 |a D.L. M 2658-2004 
035 |a 2821 
040 |a Mpons  |d vLex 
080 |a 347.7(460)(083.2) 
090 |c 1117  |d 1117 
100 1 |a Vz̀quez Iruzubieta, Carlos 
245 1 0 |a Formularios de la Ley concursal  |h [Recurso electrn̤ico]  |c Carlos Vz̀quez Iruzubieta 
256 |a Servicio en ln̕ea 
260 |a Madrid :  |b Editorial vLex,  |c 2009 
650 0 4 |a Derecho mercantil  |z Espaą  |x Formularios 
740 0 |a vLex Libros (Servicios en ln̕ea) 
856 4 0 |z Acceso restringido  |u http://vlex.com/source/2821 
942 |c BOOK